| 000 -ლიდერი |
| ფიქსირებული სიგრძის საკონტროლო ველი |
01495nam a2200289Ia 4500 |
| 001 - საკონტროლო ნომერი |
| საკონტროლო ველი |
17255 |
| 003 - საკონტროლო ნომრის იდენტიფიკატორი |
| საკონტროლო ველი |
GE_BSU |
| 005 - ბოლო ოპერაციის თარიღი და დრო |
| საკონტროლო ველი |
20200207145630.0 |
| 008 - ფიქსირებული სიგრძის მონაცემთა ელემენტები - ზოგადი ინფორმაცია |
| ფიქსირებული სიგრძის საკონტროლო ველი |
181216s2012ge xx |||||||||||||| ||geo|| |
| 020 ## - წიგნის საერთაშორისო სტანდარტული ნომერი |
| International Standard Book Number |
9789941436376 |
| 040 ## - კატალოგიზაციის წყარო |
| Transcribing agency |
GE_BSU |
| 041 ## - ენის კოდი |
| Language code of text/sound track or separate title |
geo |
| 080 ## - უნივერსალური ათობითი კლასიფიკაციის ინდექსი |
| Universal Decimal Classification number |
1(09) თ-41 |
| 100 ## - მთავარი ჩანაწერი - პიროვნების სახელი |
| Personal name |
თევზაძე, გურამ. |
| 9 (RLIN) |
6900 |
| 245 ## - ცნობა სათაურის შესახებ |
| Title |
ახალი ფილოსოფიის ისტორია = A History Of Modern Philosophy : |
| Remainder of title |
ნაწილი 2: (ფრიდრიხ ნიცშემდე იმანუელ კანტამდე) / |
| Statement of responsibility, etc |
გურამ თევზაძე ; რედ.: თენგიზ ირემაძე ; ნინო ფიფია ; ჰელმუტ შნაიდერი. |
| 264 ## - წარმოების, გამოცემის, დისტრიბუციის და სხვა ცნობები |
| გამოცემის, წარმოების, დისტრიბუციის... ადგილი |
თბილისი : |
| გამოცემის, წარმოების, დისტრიბუციის... სახელწოდება |
ნეკერი, |
| გამოცემის, წარმოების, დისტრიბუციის... თარიღი |
2012. |
| 300 ## - ფიზიკური აღწერა |
| Extent |
428 გვ.: |
| Dimensions |
20 სმ. |
| 500 ## - ზოგადი შენიშვნა |
| General note |
სახელთა საძიებელი: გვ. 413-421. |
| 504 ## - BIBLIOGRAPHY, ETC. NOTE |
| Bibliography, etc |
ბიბლიოგრ. და შენიშვნ.: გვ. 388-412 |
| 520 ## - SUMMARY, ETC. |
| Summary, etc |
რეზ. ინგლ. |
| 653 ## - INDEX TERM--UNCONTROLLED |
| Uncontrolled term |
ფილოსოფია |
| 653 ## - INDEX TERM--UNCONTROLLED |
| Uncontrolled term |
ფილოსოფიის ისტორია. |
| 700 ## - ADDED ENTRY--PERSONAL NAME |
| Personal name |
ირემაძე, თენგიზ |
| Relator term |
რედაქტორი |
| 9 (RLIN) |
2229 |
| 700 ## - ADDED ENTRY--PERSONAL NAME |
| Relator code |
ფიფია, ნინო |
| Relator term |
რედაქტორი |
| 9 (RLIN) |
6901 |
| 700 ## - ADDED ENTRY--PERSONAL NAME |
| Personal name |
შნაიდერი, ჰელმუტ |
| Relator term |
რედაქტორი |
| 9 (RLIN) |
5939 |
| 942 ## - ADDED ENTRY ELEMENTS (KOHA) |
| Koha item type |
წიგნი |
| Source of classification or shelving scheme |
|